Szczegóły MARC21

MLA handbook for writers of research papers.

003 -Nazwa inst., której nr kontr. jest w polu 001 [,]
    • @
    • Nazwa instytucji, której n kontrolny jest w polu 001
    • NUKAT
005 -DATA I CZAS OSTATNIEJ MODYFIKACJI [,]
    • @
    • pole kontrolne
    • 20241231110919.0
020 -Międzynarod. znormalizowany nr książki - ISBN [ , ]
    • a
    • Numer ISBN
    • 9781603290241 Find
    • q
    • Dopowiedzenie
    • pbk. : alk. paper
020 -Międzynarod. znormalizowany nr książki - ISBN [ , ]
    • a
    • Numer ISBN
    • 9781603290258 Find
    • q
    • Dopowiedzenie
    • large print : pbk. : alk. paper
040 -Instytucja sporządzająca opis [ , ]
    • a
    • Instytucja, która sporządziła opis (NP)
    • GD U/JD
    • c
    • Instytucja, która sporządziła rekord (NP)
    • GD U/JDs
    • d
    • Instytucja, która zmodyfikowała rekord (P)
    • GD U/JD
942 -Rodzaj dokumentu [ , ]
    • c
    • Rodzaj dokumentu
    • Książka
245 -Strefa tytułu i oznaczenia odpowiedzialności [0,0]
    • a
    • Tytuł
    • MLA handbook for writers of research papers. Find
246 -Wariant tytułu [3, ]
    • a
    • Tytuł (NP)
    • Modern Language Association handbook for writers of research papers
250 -Strefa wydania [ , ]
    • a
    • Oznaczenie wydania (NP)
    • 7th ed., 1st print.
260 -Strefa adresu wydawniczego [ , ]
    • a
    • Miejsce wydania (P)
    • New York :
    • b
    • Nazwa wydawcy (P)
    • The Modern Language Association of America,
    • c
    • Data wydania (P)
    • 2009.
300 -Strefa opisu fizycznego [ , ]
    • a
    • Określenie formy książki i/lub objętość (NP)
    • XXI, 292 s. :
    • b
    • Oznaczenie ilustracji (NP)
    • il. ;
    • c
    • Format (NP)
    • 23 cm.
336 -Typ zawartości [ , ]
    • a
    • Termin opisujący typ zawartości
    • Tekst
    • b
    • Kod określający zawartość
    • txt
    • 2
    • Źródło (terminu i kodu)
    • rdacontent
337 -Typ mediów [ , ]
    • a
    • Tryb odtwarzania
    • Bez urządzenia pośredniczącego
    • b
    • Kod typu mediów
    • n
    • 2
    • Źródło (terminu i kodu)
    • rdamedia
338 -Typ/rodzaj nośnika [ , ]
    • a
    • Hasło opisujące typ nośnika
    • Wolumin
    • b
    • Kod typu nośnika
    • nc
    • 2
    • Źródło (terminu i kodu)
    • rdacarrier
500 -Uwaga ogólna [ , ]
    • a
    • Uwaga ogólna (NP)
    • S. red.: Prev. ed. entered under: Gibaldi, Joseph, 1942-.
504 -Uwaga dot. bibliogr. załącznikowej [ , ]
    • a
    • Uwaga dot. bibliografii załącznikowej
    • Bibliogr. przy rozdz. Indeks.
521 -Uwaga dot. przeznaczenia czytelniczego [8, ]
    • a
    • Uwaga dot. przeznaczenia czytelniczego
    • S. red.: "For high school and undergraduate students".
080 -Uniwersalna Klasyfikacja Dziesiętna [ , ]
    • 2
    • Identyfikator wydania tablic
    • UDC-P058
    • 9
    • UKD
    • 1881
    • a
    • Symbol klasyfikacji
    • 001.102-047.24
    • b
    • Dopowiedzenie
    • Wyszukiwanie informacji. Technika wyszukiwania informacji. Zapytania informacyjne (kwerendy).
    • 4
    • UKD2
    • 7665
    • x
    • Poddział wspólny
    • (075.8)
    • c
    • Dopowiedzenie poddz. wspólnego
    • (Podręczniki dla szkół wyższych. Skrypty).
    • 4
    • UKD2
    • 7644
    • x
    • Poddział wspólny
    • =111
    • c
    • Dopowiedzenie poddz. wspólnego
    • =Język angielski.
080 -Uniwersalna Klasyfikacja Dziesiętna [ , ]
    • 2
    • Identyfikator wydania tablic
    • UDC-P058
    • 9
    • UKD
    • 1892
    • a
    • Symbol klasyfikacji
    • 001.81
    • b
    • Dopowiedzenie
    • Metodyka i technika pracy umysłowej. Dyskusja
    • 4
    • UKD2
    • 7665
    • x
    • Poddział wspólny
    • (075.8)
    • c
    • Dopowiedzenie poddz. wspólnego
    • (Podręczniki dla szkół wyższych. Skrypty).
    • 4
    • UKD2
    • 7644
    • x
    • Poddział wspólny
    • =111
    • c
    • Dopowiedzenie poddz. wspólnego
    • =Język angielski.
650 -Hasło przedmiotowe [ ,7]
    • a
    • Hasło przedmiotowe
    • Badania
    • v
    • Określnik formalny
    • podręczniki akademickie.
    • 2
    • Źródło terminu
    • kaba
    • 9
    • KHW
    • 382630
650 -Hasło przedmiotowe [ ,7]
    • a
    • Hasło przedmiotowe
    • Redakcja sprawozdań
    • v
    • Określnik formalny
    • podręczniki akademickie.
    • 2
    • Źródło terminu
    • kaba
    • 9
    • KHW
    • 589806
650 -Hasło przedmiotowe [ ,7]
    • a
    • Hasło przedmiotowe
    • Sztuka pisania
    • v
    • Określnik formalny
    • podręczniki akademickie.
    • 2
    • Źródło terminu
    • kaba
    • 9
    • KHW
    • 589536
980 -Symbol UKD [ , ]
    • a
    • UKD
    • 001.102-047.24:001.81](075.8)=111
700 -Hasło dodatkowe - nazwa osobowa [1,2]
    • a
    • Nazwa osobowa (NP)
    • Gibaldi, Joseph Find
    • d
    • Daty biograficzne (NP)
    • (1942- ).
    • t
    • Tytuł ujednolicony/tytuł (NP)
    • MLA handbook for writers of research papers Find
    • l
    • Język tekstu (NP)
    • (ang.)
    • 9
    • KHW
    • 650077
920 -ISBN [ , ]
    • a
    • ISBN
    • 978-1-60329-024-1 Find
    • q
    • Dopowiedzenie
    • pbk. : alk. paper
920 -ISBN [ , ]
    • a
    • ISBN
    • 978-1-60329-025-8 Find
    • q
    • Dopowiedzenie
    • large print : pbk. : alk. paper
Numer inwentarzowy Status udost. Lokalizacja Data inwentaryzacji Sygnatura
A.85581BM2009-12-11ANG. Metodyka - pisanie 14